Tabellenendstand der Ligue 1 Saison 2024/2025 - Statistiken

Allgemein
  • Dieses Quiz wurde 30 mal gespielt
  • Das Durchschnittsergebnis liegt bei 9 aus 18
Antwortstatistiken
Punkte Verein % Korrekt
1 84 Paris Saint-Germain
100%
2 65 Olympique Marseille
89%
3 61 AS Monaco
78%
4 60 OGC Nizza
70%
6 57 Olympique Lyon
70%
5 60 OSC Lille
67%
7 57 Racing Straßburg
52%
17 30 AS Saint-Étienne
44%
13 36 FC Nantes
44%
8 52 RC Lens
44%
16 33 Stade Reims
41%
10 42 FC Toulouse
37%
18 16 HSC Montpellier
37%
9 50 Stade Brest
37%
12 41 Stade Rennes
33%
11 42 AJ Auxerre
30%
15 34 Le Havre AC
30%
14 36 SCO Angers
22%
Keine übereinstimmenden Quizze gefunden
Verteilung der Resultate
Anzahl Personen mit jedem Resultat
Perzentil nach korrekt beantworteten Fragen
Ihre Resultats-Entwicklung
Sie haben dieses Quiz noch nicht gespielt